000 00515nam a22001817a 4500
005 20260423170832.0
008 260423b |||||||| |||| 00| 0 eng d
037 _cDSWL
040 _aDSWL
_cDSWL
041 _heng
245 _aEssential Psychology
260 _aNew Delhi,
_bSage Publication,
_c2010
300 _a454p
365 _aINR
_b595
700 _aGayle Dillon & Christine Norman Ed.
_91235594
942 _2CC
_cTEXL
_n0
999 _c1848475
_d1848475